[Event "Catalunya-chT Gp2"]
[Site "Barcelona"]
[Date "2018.01.27"]
[Round "2.4"]
[White "Alonso Garcia, Rene Marcial"]
[Black "Akbarinia, Sayed Arash"]
[Result "0-1"]
[WhiteElo "2355"]
[BlackElo "2371"]
[PlyCount "84"]
[EventDate "2018.01.20"]
[EventType "team-tourn"]
[EventRounds "7"]
[EventCountry "ESP"]
[SourceTitle "CBM 182 Extra"]
[Source "ChessBase"]
[SourceDate "2018.02.23"]
[SourceVersion "1"]
[SourceVersionDate "2018.02.23"]
[SourceQuality "1"]
[WhiteTeam "Cerdanyola Valles"]
[BlackTeam "Sant Andreu"]
[WhiteTeamCountry "ESP"]
[BlackTeamCountry "ESP"]

1. d4 d5 2. c4 e6 3. Nc3 Nf6 4. Bg5 c6 5. e3 h6 6. Bh4 Nbd7 7. Qc2 Qa5 8. cxd5 Nxd5 9. e4 Nxc3 10. bxc3 c5 11. d5 exd5 12. exd5 g5 13. Bg3 Bg7 14. Rc1 0-0 15. Bd3 c4 16. Bxc4 Nb6 17. Bb3 Bg4 18. f3 Bd7 19. Qd2 Na4 20. Ne2 Rac8 21. c4 Qb6 22. Bf2 Nc5 23. 0-0 Nxb3 24. axb3 Qxb3 25. Nd4 Qa3 26. c5 Qa4 27. Rfe1 Rfe8 28. Rxe8+ Rxe8 29. c6 bxc6 30. Nxc6 a6 31. Bd4 Bf8 32. Ba1 Qa3 33. Rd1 Bd6 34. Bd4 Qb3 35. Bf2 Qb5 36. h4 Re2 37. Qd4 Qb2 38. hxg5 hxg5 39. Qa7 Qc2 40. Ra1 Rxf2 41. Qxf2 Bc5 42. Nd4 Qd3 0-1

[Event "Pamplona 1st"]
[Site "Pamplona"]
[Date "2017.08.30"]
[Round "4"]
[White "Alonso Garcia, Rene Marcial"]
[Black "Ortin Blanco, Inigo"]
[Result "1-0"]
[WhiteElo "2356"]
[BlackElo "2090"]
[PlyCount "95"]
[EventDate "2017.08.28"]
[EventType "tourn"]
[EventRounds "9"]
[EventCountry "ESP"]
[SourceTitle "EXT 2024"]
[Source "ChessBase"]
[SourceDate "2023.10.10"]
[SourceVersion "1"]
[SourceVersionDate "2023.10.10"]
[SourceQuality "1"]

1. d4 d5 2. c4 e6 3. Nf3 c6 4. e3 f5 5. Bd3 Nf6 6. 0-0 Bd6 7. b3 Qe7 8. a4 a5 9. Ba3 0-0 10. Qc1 Na6 11. Bxd6 Qxd6 12. c5 Qc7 13. Bxa6 Rxa6 14. Nbd2 Bd7 15. Ne5 Be8 16. Qc3 Bh5 17. f3 Nd7 18. Nxd7 Qxd7 19. Rfb1 Rfa8 20. b4 axb4 21. Rxb4 Qc7 22. Nb3 Re8 23. Nc1 e5 24. Nd3 e4 25. fxe4 fxe4 26. Ne5 Ra7 27. Qb2 Bf7 28. Rb6 Be6 29. Rf1 Re7 30. Qf2 Qd8 31. Ra1 Qc7 32. a5 Re8 33. a6 Rea8 34. Rab1 Bc8 35. Rf1 Qe7 36. axb7 Bxb7 37. Nxc6 Bxc6 38. Rxc6 Qg5 39. Re6 h6 40. Re5 Qg6 41. Rxd5 Ra2 42. Rd8+ Kh7 43. Rxa8 Rxf2 44. Rxf2 Qg5 45. Ra3 Qg4 46. Rc3 Qd1+ 47. Rf1 Qd2 48. Rfc1 1-0

[Event "Pamplona 1st"]
[Site "Pamplona"]
[Date "2017.08.29"]
[Round "2"]
[White "Alonso Garcia, Rene Marcial"]
[Black "Nieves Cabanes, Jose Manuel"]
[Result "1/2-1/2"]
[WhiteElo "2356"]
[BlackElo "2309"]
[PlyCount "55"]
[EventDate "2017.08.28"]
[EventType "tourn"]
[EventRounds "9"]
[EventCountry "ESP"]
[SourceTitle "EXT 2024"]
[Source "ChessBase"]
[SourceDate "2023.10.10"]
[SourceVersion "1"]
[SourceVersionDate "2023.10.10"]
[SourceQuality "1"]

1. Nf3 c5 2. c4 Nf6 3. Nc3 e6 4. e3 d5 5. cxd5 exd5 6. d4 Nc6 7. Be2 Be7 8. 0-0 0-0 9. b3 Be6 10. Bb2 Rc8 11. dxc5 Bxc5 12. Nb5 Ne4 13. Rc1 Qe7 14. Nfd4 Bd7 15. Nxc6 bxc6 16. Nd4 Bd6 17. Nf3 Qe6 18. Re1 Qh6 19. g3 Rfe8 20. Nh4 Bb4 21. Rf1 Be7 22. Ng2 Bd6 23. Nh4 Be7 24. Ng2 Bd6 25. Nh4 Be7 26. Ng2 Bd6 27. Nh4 Be7 28. Ng2 1/2-1/2

[Event "Pamplona 1st"]
[Site "Pamplona"]
[Date "2017.08.29"]
[Round "3.2"]
[White "Bayo Milagro, Alvaro"]
[Black "Alonso Garcia, Rene Marcial"]
[Result "0-1"]
[WhiteElo "2291"]
[BlackElo "2356"]
[PlyCount "86"]
[EventDate "2017.08.28"]
[EventType "tourn"]
[EventRounds "9"]
[EventCountry "ESP"]
[SourceTitle "EXT 2024"]
[Source "ChessBase"]
[SourceDate "2023.10.10"]
[SourceVersion "1"]
[SourceVersionDate "2023.10.10"]
[SourceQuality "1"]

1. c4 g6 2. e4 Bg7 3. d4 d6 4. Nc3 Nf6 5. Nf3 0-0 6. Be2 e5 7. d5 a5 8. Bg5 h6 9. Bh4 Na6 10. 0-0 Qe8 11. Nd2 Nh7 12. b3 Bd7 13. a3 h5 14. f3 Bh6 15. Rb1 Be3+ 16. Kh1 Bc5 17. Qc1 c6 18. Bf2 Bxf2 19. Rxf2 Qe7 20. b4 axb4 21. axb4 f5 22. Rf1 Nf6 23. Na4 c5 24. Nb6 Rab8 25. bxc5 Nxc5 26. Qc2 fxe4 27. fxe4 Bg4 28. Bd3 Nfd7 29. h3 Nxb6 30. Rxb6 Bxh3 31. gxh3 Qh4 32. Rf3 Rxf3 33. Nxf3 Qxh3+ 34. Nh2 Nxd3 35. Rxd6 Nf4 36. Rb6 Ra8 37. Rb1 Ra3 38. Qf2 Re3 39. Qf1 Qh4 40. d6 Re2 41. Qg1 Rg2 42. Qxg2 Nxg2 43. d7 Ne3 0-1

[Event "San Sebastian Gros op 27th"]
[Site "San Sebastian"]
[Date "2017.06.29"]
[Round "8"]
[White "Buiza Prieto, Eihartze"]
[Black "Alonso Garcia, Rene Marcial"]
[Result "0-1"]
[WhiteElo "2130"]
[BlackElo "2358"]
[PlyCount "138"]
[EventDate "2017.06.23"]
[EventType "swiss"]
[EventRounds "9"]
[EventCountry "ESP"]
[SourceTitle "CBM 179 Extra"]
[Source "ChessBase"]
[SourceDate "2017.08.23"]
[SourceVersion "1"]
[SourceVersionDate "2017.08.23"]
[SourceQuality "1"]

1. e4 c5 2. Nf3 d6 3. d4 cxd4 4. Nxd4 Nf6 5. Nc3 a6 6. Be2 e6 7. 0-0 Qc7 8. Kh1 b5 9. a3 Bb7 10. f3 Nbd7 11. Qe1 Be7 12. Qg3 0-0 13. Bh6 Nh5 14. Qh3 gxh6 15. Qxh5 Qc5 16. Qg4+ Qg5 17. f4 Qxg4 18. Bxg4 Rfd8 19. Rad1 Bf8 20. Bf3 Nb6 21. Be2 Rac8 22. f5 e5 23. Nf3 f6 24. Nd2 d5 25. exd5 Nxd5 26. Nxd5 Bxd5 27. Bd3 Be7 28. Rfe1 Rc7 29. Ne4 Rcd7 30. Nc3 Bc6 31. Re3 Kf8 32. Rde1 Rd4 33. h3 h5 34. Kh2 h4 35. R3e2 Kf7 36. Rf1 Bf8 37. Ne4 a5 38. Nd2 Bd6 39. Kh1 Bc7 40. Ne4 Bb6 41. Nd2 Kf8 42. Ne4 Ke7 43. Nd2 Kf7 44. Ne4 Kg7 45. Nd2 Re8 46. Ne4 Kf7 47. Rfe1 Rb8 48. Ra1 Ke7 49. Rae1 Be8 50. Nd2 Bc6 51. Ne4 a4 52. Ra1 Ba7 53. Nd2 Kf7 54. Kh2 Kg7 55. Kh1 Bc5 56. Ne4 Bf8 57. Nd2 b4 58. axb4 Rdxb4 59. b3 axb3 60. Nxb3 e4 61. Ba6 Ra8 62. Ree1 Bd6 63. Be2 Bg3 64. Rxa8 Bxe1 65. Ra1 Bf2 66. Rf1 e3 67. Nc5 Rb2 68. Ne6+ Kh6 69. Bd3 Be4 0-1